EU Countries With Flawed Democracies - Statistics

General Stats
  • This quiz has been taken 33 times
  • The average score is 11 of 13
Answer Stats
Score Answer % Correct
6.51 Hungary
94%
7.58 Italy
91%
6.34 Bulgaria
88%
6.50 Croatia
88%
7.66 Latvia
88%
7.40 Poland
88%
7.21 Slovakia
88%
7.82 Slovenia
88%
7.59 Lithuania
85%
7.93 Malta
85%
7.99 France
82%
7.38 Cyprus
79%
7.64 Belgium
73%
No matching quizzes found
Score Distribution
Percent of People with Each Score
Percentile by Number Answered
Your Score History
You have not taken this quiz